| 000 | 00634nam a22002177a 4500 | ||
|---|---|---|---|
| 003 | LK-CoMWRAF | ||
| 005 | 20231122135313.0 | ||
| 008 | 230930b2009 |||||||| |||| 00| 0 eng d | ||
| 020 | _a9789551772598 | ||
| 040 |
_aLK-CoMWRAF _dLK-CoMWRAF _eLK-CoMWRAF |
||
| 041 | _aeng | ||
| 082 |
_a303.485 _bSAT |
||
| 100 | _aSatkunanathan, Ambika | ||
| 245 | _aWomen and the Tsunami | ||
| 260 |
_aColombo: _bSocial Scientists' Association, _c2009 |
||
| 300 |
_av, 19 pages : 2 maps ; 23 cm _bBibliography included |
||
| 650 | _aWOMEN DISASTER VICTIMS--Sri Lanka | ||
| 650 | _aTsunami | ||
| 650 | _aTsunami relief--Sri Lanka. | ||
| 942 | _cBK | ||
| 999 |
_c3755 _d3755 |
||